Rodolfo Valentino / (Record no. 171430)

MARC details
000 -LEADER
campo de control de longitud fija 00525nam a22001695i 4500
001 - NÚMERO DE CONTROL
campo de control 171430
003 - IDENTIFICADOR DE NÚMERO DE CONTROL
campo de control ES-MaACL
005 - FECHA Y HORA DE LA ÚLTIMA TRANSACCIÓN
campo de control 20230906214631.0
008 - DATOS DE LONGITUD FIJA--INFORMACIÓN GENERAL
campo de control de longitud fija 090514s1977 sp |||| | spa d
080 ## - NÚMERO DE LA CLASIFICACIÓN DECIMAL UNIVERSAL
Número de la Clasificación Decimal Universal 929 Valentino, Rodolfo
100 1# - ENTRADA PRINCIPAL--NOMBRE DE PERSONA
Nombre de persona Fariñas, E. M.
9 (RLIN) 140138
245 10 - MENCIÓN DEL TÍTULO
Título Rodolfo Valentino /
Mención de responsabilidad, etc. Helmuth von Sohel [Seud.].
260 ## - PUBLICACIÓN, DISTRIBUCIÓN, ETC.
Lugar de publicación, distribución, etc. [Barcelona :
Nombre del editor, distribuidor, etc. Producciones Editoriales,
Fecha de publicación, distribución, etc. 1977]
300 ## - DESCRIPCIÓN FÍSICA
Extensión 87 p., 1 lám. :
Otras características físicas il. ;
Dimensiones 27 cm.
600 14 - PUNTO DE ACCESO ADICIONAL DE MATERIA--NOMBRE DE PERSONA
Nombre de persona Valentino, Rudolph.
9 (RLIN) 140139
852 ## - LOCALIZACIÓN
Ubicación ES-MaACL
Número de control de estantería A-7999
itemnumber R.97063
Holdings
Estatus retirado Estado de pérdida Estado de daño No para préstamo Biblioteca de origen Biblioteca actual Ubicación en estantería Fecha de adquisición Fuente de adquisición Total de préstamos Signatura topográfica completa Código de barras Visto por última vez Precio de reemplazo Tipo de ítem Koha
        Biblioteca del Ateneo de Madrid Biblioteca del Ateneo de Madrid Sala Pecera Planta 1 14/05/2009     A-7999 1179907 23/02/2023 23/02/2023 Libro impreso